• 首页
  • 本馆介绍
  • 公告通知
  • 最新文献
  • 馆藏检索
  • 电子资源
  • 读者导购
  • 参考咨询
  • 我的图书馆
  • 登录
  • 详细信息显示
  • 放入我的书架
  • 预约/预借图书
  • 作者相关作品
  • 分类相关作品
  • 丛书相关作品
  • 出版社相关作品

书目信息

  • 表格格式
  • 工作单格式
  • 卡片格式
题名:
动力与电气工程学科发展报告
    
 
作者: ;中国科学技术协会 主编 ;中国电机工程学会 编著
分册:  
出版信息: 北京   中国科学技术出版社  2016.04
页数: 429页
开本: 26cm
丛书名: 中国科协学科发展研究系列报告
单 册:
中图分类: TK-12 , TM-12
科图分类:
主题词: 动力工程--学科发展--研究报告--中国--2014-2015 , 电气工程--学科发展--研究报告--中国--2014-2015
电子资源:
ISBN: 978-7-5046-7082-3
000 01397oam2 2200313 450
001 0120161834401
005 20170327095419.89
010    @a978-7-5046-7082-3@dCNY110.00
100    @a20160507d2016 em y0chiy50 ea
101 0  @achi@aeng
102    @aCN@b110000
105    @aak z 001yy
106    @ar
200 1  @a动力与电气工程学科发展报告@9dong li yu dian qi gong cheng xue ke fa zhan bao gao@dReport on advances in power and electrical engineering@f中国科学技术协会主编@g中国电机工程学会编著@zeng
210    @a北京@c中国科学技术出版社@d2016.04
215    @a429页@c图@d26cm
225 2  @a中国科协学科发展研究系列报告@e2014-2015
330    @a本学科发展报告的定位是面向本学科相关行业技术进步与技术发展所进行的回顾、总结、思考与建议。报告从电能生产、电能传输、电能配用以及贯穿上述各个环节的大容量电力电子技术四个方面展开论述。
333    @a动力与电气工程学科发展研究人员
461  0 @12001 @a中国科协学科发展研究系列报告
510 1  @aReport on advances in power and electrical engineering@zeng
606 0  @a动力工程@x学科发展@x研究报告@y中国@z2014-2015
606 0  @a电气工程@x学科发展@x研究报告@y中国@z2014-2015
690    @aTK-12@v5
690    @aTM-12@v5
711 02 @a中国科学技术协会@9zhong guo ke xue ji shu xie hui@4主编
712 02 @a中国电机工程学会@9zhong guo dian ji gong cheng xue hui@4编著
801  0 @aCN@b人天书店@c20160507
905    @b982242-44@dTK-12@e147@f3
    
    动力与电气工程学科发展报告=Report on advances in power and electrical engineering/中国科学技术协会主编/中国电机工程学会编著.-北京:中国科学技术出版社,2016.04
    429页:图;26cm.-(中国科协学科发展研究系列报告:2014-2015)
    使用对象:动力与电气工程学科发展研究人员
    
    ISBN 978-7-5046-7082-3:CNY110.00
    本学科发展报告的定位是面向本学科相关行业技术进步与技术发展所进行的回顾、总结、思考与建议。报告从电能生产、电能传输、电能配用以及贯穿上述各个环节的大容量电力电子技术四个方面展开论述。
●
相关链接 在E读中查询图书 在五车中查询图书 在当当中查询图书 在豆瓣中查询图书


正题名:动力与电气工程学科发展报告     索取号:TK-12/147         预约/预借

序号 登录号 条形码 馆藏地/架位号 状态 备注
1 982242   209822423   第二样本阅览室/ [索取号:TK-12/147] 在馆    
2 982243   209822432   第三借阅区/ [索取号:TK-12/147] 在馆    
3 982244   209822441   密集书库-物理学院/ [索取号:TK-12/147] 在馆    
唐山师范学院图书馆 欢迎您!
大连网信软件有限公司© 版权所有